MARC details
| 000 -CABECERA |
| campo de control de longitud fija |
01106nam a2200289 a 4500 |
| 005 - FECHA Y HORA DE LA ÚLTIMA TRANSACCIÓN |
| campo de control |
20220916063603.0 |
| 008 - ELEMENTOS DE LONGITUD FIJA--INFORMACIÓN GENERAL |
| campo de control de longitud fija |
140522s2006 es r 000 0 spa d |
| 020 ## - NÚMERO INTERNACIONAL NORMALIZADO PARA LIBROS |
| Número Internacional Estándar del Libro |
8498251206 (10 dígitos) |
| 020 ## - NÚMERO INTERNACIONAL NORMALIZADO PARA LIBROS |
| Enlace entre campo y número de secuencia |
9788498251203 (13 dígitos) |
| 035 ## - NÚMERO DE CONTROL DEL SISTEMA |
| Número de control de sistema |
UPN01000197453 |
| 049 ## - COLECCIÓN |
| Colección |
I |
| 050 #4 - SIGNATURA TOPOGRÁFICA DE LA BIBLIOTECA DEL CONGRESO |
| Número de clasificación |
PZ73 |
| Número de documento/Ítem |
F5.2 |
| 245 03 - MENCIÓN DE TÍTULO |
| Título |
El flautista de Hamelín / |
| Mención de responsabilidad, etc. |
adapt. Luz Orihuela ; il. Jordi Vila Delclós. |
| 260 ## - PUBLICACIÓN, DISTRIBUCIÓN, ETC. |
| Lugar de publicación, distribución, etc. |
Barcelona, Esp. : |
| Nombre del editor, distribuidor, etc. |
Combel, |
| Fecha de publicación, distribución, etc. |
2006. |
| 300 ## - DESCRIPCIÓN FÍSICA |
| Extensión |
94 p. : |
| Otras características físicas |
il. col. + |
| Material acompañante/anejo |
1 CD-ROM ; 4 3/4 plgs. |
| 440 #0 - MENCIÓN DE SERIE/ASIENTO SECUNDARIO--TÍTULO |
| Título |
Caballo alado clásico. |
| Nombre de parte o sección de la obra |
Al galope |
| 500 ## - NOTA GENERAL |
| Nota general |
Solicíta el CD-ROM en el Mostrador de Préstamo |
| 501 ## - NOTA DE "CON" |
| Nota de “Con” |
Con: El traje nuevo del emperador / il. Javier Andrada ; Los músicos de Bremen / il. Petra Steinmeyer ; El zapatero y los duendes / il. Sebastiá Serra. |
| 650 #4 - ASIENTO SECUNDARIO DE MATERIA - TERMINO TEMATICO |
| Término de materia o nombre geográfico como elemento de entrada |
Cuentos infantiles |
| 9 (RLIN) |
6744 |
| 650 #7 - ASIENTO SECUNDARIO DE MATERIA - TERMINO TEMATICO |
| Término de materia o nombre geográfico como elemento de entrada |
Libros ilustrados para niños |
| Fuente del encabezamiento o término |
|
| 9 (RLIN) |
21365 |
| 700 1# - ASIENTO SECUNDARIO--NOMBRE DE PERSONAL |
| Nombre de persona |
Orihuela, Luz, |
| Término indicativo de función/relación |
adapt. |
| 9 (RLIN) |
33078 |
| 740 3# - ASIENTO SECUNDARIO - TÍTULOS RELACIONADOS /ANALITICOS NO CONTROLADOS |
| Título relacionado o analítico no controlado |
El traje nuevo del emperador |
| 740 4# - ASIENTO SECUNDARIO - TÍTULOS RELACIONADOS /ANALITICOS NO CONTROLADOS |
| Título relacionado o analítico no controlado |
Los músicos de Bremen |
| 740 3# - ASIENTO SECUNDARIO - TÍTULOS RELACIONADOS /ANALITICOS NO CONTROLADOS |
| Título relacionado o analítico no controlado |
El zapatero y los duendes |
| 905 ## - TIPO DE MATERIAL |
| Tipo de material |
Infantil |